101 συμβουλές για να κατανικήσετε την αυπνία

Αποθηκεύτηκε σε:
Λεπτομέρειες βιβλιογραφικής εγγραφής
Κύριος συγγραφέας: Lyon, Josette, 1912-
Άλλοι συγγραφείς: Θωμόπουλος, Γιάννης Γ. (Μεταφραστής)
Μορφή: Βιβλίο
Γλώσσα:Greek
French
Δημοσίευση: [Αθήνα] : Φυτράκης-Hachette, [19--].
Θέματα:
Ετικέτες: Προσθήκη ετικέτας
Δεν υπάρχουν, Καταχωρήστε ετικέτα πρώτοι!

MARC

LEADER 00000cam a2200000 i 4500
001 1/27790
008 060406q19uu gr | ||| |||| ||gre||
035 |l 10083489 
040 |a GR-MyUA  |b gre  |e AACR2 
041 1 |a gre  |h fre 
082 0 |a 616.8498  |2 (22) 
100 1 |a Lyon, Josette,   |d 1912- 
245 1 0 |a 101 συμβουλές για να κατανικήσετε την αυπνία /   |c Josette Lyon ; μετάφραση Γιάννης Θωμόπουλος.  
260 |a [Αθήνα] :   |b Φυτράκης-Hachette,   |c [19--].  
300 |a 161 σ. ;   |c 22 εκ.  
650 0 0 |a Insomnia. 
700 1 |a Θωμόπουλος, Γιάννης Γ.  |e trl 
852 |a INST  |b SAMOS  |e 20060406  |h 616.8498 LYO  |p 005300024507  |q 005300024507  |t BK  |y 0 
901 |a BIBL3-2006-1 
909 |a Σ  |b 124861 
970 |a ΚΟΣΙΕΡΗΣ  |b ΧΡΗΣΤΟΣ  |z 2006/04/06